000 00725cam a2200205 a 4500
001 000005738
005 20200929151750.0
008 751017s1974 flu 001 0 spa
040 _aDO-SdBNP
_cCoDU
_dDLC
082 _a320.7291
_bT646h
100 1 _aToirac, Inciano D.
_916231
245 1 0 _aHombres lobos :
_btres fechas /
_cInciano D. Toirac.
260 _a[s.l.] :
_bTalleres de Pan American Litho,
_c1974.
300 _a399 p. ;
_c22 cm.
504 _aIncluye referencias bibliográficas.
651 4 _aCuba
_xPolìtica Y Gobierno
_y1959-1990.
_95620
651 4 _aCuba
_xRlaciones Exteriores
_zEstados Unidos
_916232
651 4 _aEstados Unidos
_xRelaciones Exteriores
_zCuba.
_916233
910 _aCatalogación por copia / LC
999 _c5534
_d5534